Patriotic duty of Government employee, address delivered by Hon. W. G. McAdoo, Secretary of Treasury, to employees ofBureau of Engraving and Printing, at Washington, D.C., Dec. 12, 1917.

Bibliographic Details
Corporate Author: United States. Department of the Treasury. Office of the Secretary
Other Authors: McAdoo, W. G. (William Gibbs), 1863-1941
Format: Government Document eBook
Language:English
Published: [Place of publication not identified] : U.S. Government Printing Office, 1917.
Subjects:
Online Access:Connect to the full text of this electronic document

MARC

Tag First Indicator Second Indicator Subfields
LEADER 00000cam a22000001a 4500
001 in00003676166
006 m o d f
007 cr bn mmmapmmp
008 030605s1917 dcu o f000 0 eng d
005 20260611190651.8
035 |a ebd191000953 
040 |a UMI  |c UMI  |d UtOrBLW 
086 0 |a T 1.2:P 27 
099 |a T1.2-139 
245 0 0 |a Patriotic duty of Government employee, address delivered by Hon. W. G. McAdoo, Secretary of Treasury, to employees ofBureau of Engraving and Printing, at Washington, D.C., Dec. 12, 1917. 
264 1 |a [Place of publication not identified] :  |b U.S. Government Printing Office,  |c 1917. 
300 |a 1 online resource (8 pages) 
336 |a text  |b txt  |2 rdacontent 
337 |a computer  |b c  |2 rdamedia 
338 |a online resource  |b cr  |2 rdacarrier 
500 |a [To encourage production and purchase of World War I finance instruments] 
500 |a Record is based on bibliographic data in ProQuest U.S. Executive Branch Documents, 1910-1932. Reuse except for individual research requires license from ProQuest, LLC. 
533 |a Electronic reproduction.  |b [Bethesda, Md.] :  |c ProQuest,  |d 2012.  |e digital, PDF file.  |n ProQuest U.S. Executive Branch Documents, 1910-1932.  |n Mode of access: World Wide Web via ProQuest website. 
538 |a System requirements: PDF reader software. 
500 |a Electronic resource. 
650 0 |a War finance.  |0 http://id.loc.gov/authorities/subjects/sh85145175 
655 7 |a Electronic books.  |2 local 
700 1 |a McAdoo, W. G.  |q (William Gibbs),  |d 1863-1941.  |0 http://id.loc.gov/authorities/names/n86111164 
710 1 |a United States.  |b Department of the Treasury.  |b Office of the Secretary.  |0 http://id.loc.gov/authorities/names/n81028014 
776 1 8 |i Microfiche version:  |t Patriotic duty of Government employee, address delivered by Hon. W. G. McAdoo, Secretary of Treasury, to employees ofBureau of Engraving and Printing, at Washington, D.C., Dec. 12, 1917  |d [Bethesda, Md.] : ProQuest,[2012]  |o CIS US Exec MF T1.2-139  |w (ProQuest)cis19110577 
856 4 0 |u http://proxy.library.tamu.edu/login?url=https://congressional.proquest.com/congressional/docview/t66.d71.t1.2-139  |z Connect to the full text of this electronic document  |t 0 
999 f f |s bf592861-cd03-3aca-8094-5d1b24ea8222  |i c61e470f-e554-371b-929e-ef72b76811dd  |t 0 
952 f f |a Texas A&M University  |b College Station  |c Electronic Resources  |s www_evans  |d Available Online  |t 0  |h No information provided 
998 f f |t 0  |l Available Online